000 00966nam a2200301 a 4500
003 CO-ViMGA
005 20230915233129.0
008 120905s2010 sp a jr 000 0dspa d
020 _a9789585910232
040 _aCO-ViMGA
_bspa
_cCO-ViMGA
041 1 _hfre
043 _ae-sz---
090 _aC ZULP
100 1 0 _aZullo Albertine, Germano
_923598
245 1 4 _aLos pájaros
_cGermano Zullo Albertine ; traducción Elena del Amo
250 _aEdición especial para El Ministerio de Cultura
260 _aBogotá
_bBabel
_c2015
300 _a[45] pg̀inas
_bilustraciones
_c21 cm
490 0 _aLeer en mi cuento
490 0 _aLibros del zorro rojo
534 _tLes oiseaux
650 1 4 _aAutores suizos
_2LEMB
_911359
650 1 4 _aAves en la literatura
_2LEMB
_92210
650 1 4 _aCuentos infantiles suizos
_2LEMB
_923587
650 1 4 _aLibros ilustrados para niños
_2LEMB
_987
650 1 4 _aLiteratura infantil suiza
_2LEMB
_911357
942 _2ddc
_cBK
999 _c3998
_d3998